Life Without the king: centralists, federalists and constitutional monarchists in the making of the Spanish American Republics, 1808-1830 /
Պահպանված է:
| Հիմնական հեղինակ: | |
|---|---|
| Այլ հեղինակներ: | |
| Ձևաչափ: | Տեքստ |
| Ցուցիչներ: |
Ավելացրեք ցուցիչ
Չկան պիտակներ, Եղեք առաջինը, ով նշում է այս գրառումը!
|
MARC
| LEADER | 00000 a a2200000 04500 | ||
|---|---|---|---|
| 001 | 43083 | ||
| 003 | |||
| 040 | |||
| 100 | |a Jaksic, Iván | ||
| 245 | |a Life Without the king: |b centralists, federalists and constitutional monarchists in the making of the Spanish American Republics, 1808-1830 / |c Iván Jaksic ; Marcelo Leiras | ||
| 700 | |a Leiras, Marcelo | ||
| 773 | |g número255 ( , 1998), 25 páginas | ||
| 999 | |c 34530 |d 34530 | ||
